#1 prime des adversaires de Luffy dans One piece pre-time skip - Statistiques

Statistiques générales
  • Ce quiz a été pris 154 fois
  • Le résultat moyen est 7 sur 14
Statistiques - réponses
adversaires Réponse % Correct
Alvida 5000000
89%
Arlong 20000000
84%
Baggy 15000000
81%
Don Krieg 17000000
71%
Kuro 16000000
69%
Mister 5 10000000
60%
Crocodile 81000000
45%
Sandersonia ou Marigold 40000000
42%
Bellamy 55000000
41%
Mister 3 24000000
39%
Foxy 24000000
39%
Moria 320000000
38%
Kuma 296000000
27%
Miss Valentine 7500000
22%
Aucun quiz correspondant
Distribution des résultats
% des personnes avec chaque résultat
Percentile par nombre de réponses
Votre historique - résultats
Vous n’avez pas pris ce quiz